Karl Marx : an illustrated bibliography
| Main Author: | |
|---|---|
| Format: | Book |
| Published: |
London :
NLB ,
1972
|
| Subjects: |
MARC
| LEADER | 00000cam a2200000 7i4500 | ||
|---|---|---|---|
| 001 | 0000008212 | ||
| 005 | 20151119.0 | ||
| 020 | |a 902308629 | ||
| 040 | |a INS | ||
| 090 | 0 | 0 | |a HX39.5 |b B88 1972 |
| 100 | 0 | |a Blumenberg, Werner | |
| 245 | 0 | 0 | |a Karl Marx : |b an illustrated bibliography |c Werner Blumenberg |f translated by Douglas Scott |
| 260 | |a London : |b NLB , |c 1972 | ||
| 300 | |a 196p. : |b ill. ; |c 21 cm. | ||
| 650 | 0 | 0 | |a Communism |
| 650 | 0 | 0 | |a Marx, Karl |d 1818 - 1883 |
| 999 | |a 0000022442 |b BOOK |c Open Shelf |e Default branch | ||